Communication progressive du Francais des affaire avec 250 activities

Kaydedildi:
Detaylı Bibliyografya
Yazar: PENFORNIS, Jean-Luc
Materyal Türü: Kitap
Dil:İngilizce
Baskı/Yayın Bilgisi: CLE international 2010
Etiketler: Etiketle
Etiket eklenmemiş, İlk siz ekleyin!

MARC

LEADER 00000nam a22000007a 4500
008 230504b |||||||| |||| 00| 0 eng d
020 |a 9782090353631 
100 |a PENFORNIS, Jean-Luc 
245 |a Communication progressive du Francais des affaire avec 250 activities  |c  / Jean-Luc Penfornis  |e ( Niveau intermediare)  |g 159p 
260 |b CLE international  |c 2010  |d Book  |h Paris  |i 674021  |l PC2121.P37  |m French language - Conversation and phrase books  |m French language - Study and teaching 
942 |a lcc  |c BK  |e A . R . Akinniyi  |f 4:5:23 
952 |0 0  |1 0  |2 lcc  |4 0  |6 PC2121 P37  |7 0  |9 4216  |a HOL  |b HOL  |c LP  |d 2023-05-04  |l 0  |o PC2121.P37  |p 2023-0146  |r 2023-05-04 00:00:00  |t 674021  |w 2023-05-04  |y BK 
999 |c 2113  |d 2113